|
|
|
|
| LEADER |
01979nam a2200397 i 4500 |
| 001 |
mzk03001284074 |
| 003 |
CZ BrMZK |
| 005 |
20250521151147.0 |
| 007 |
ta |
| 008 |
250226s1783 xr fr|||||00| ||czeod |
| 040 |
|
|
|a BOA001
|b cze
|e rda
|
| 072 |
|
7 |
|a 094
|x Staré tisky
|2 Konspekt
|9 12
|
| 080 |
|
|
|a (0.068)094
|2 MRF
|
| 100 |
1 |
|
|a Hrdlička, Ján,
|d 1741-1810
|7 jk01042739
|4 aut
|
| 245 |
1 |
0 |
|a Nawedenj Rodičů ku křesťanskému Djtek swých Milowánj, na neywýšssj cýsařsko-králowské Poručenj předstawené podlé zwoleného Textu z Jan. XIII.I. w Neděli XIX. po swaté Trogicy Léta Páně 1783, na Wsetjně, /
|c skrze Jana Hrdlička, tamže ewangelitského Slowa Božjho Kazatele
|
| 264 |
|
1 |
|a W Brně :
|b wytisstěno Swobodským Pjsmem, skrz Jana Siedler, Faktora,
|c 1783
|
| 300 |
|
|
|a 48 stran ;
|c 8° (17 cm)
|
| 336 |
|
|
|a text
|b txt
|2 rdacontent
|
| 337 |
|
|
|a bez média
|b n
|2 rdamedia
|
| 338 |
|
|
|a svazek
|b nc
|2 rdacarrier
|
| 500 |
|
|
|a Výzdoba: vlysy, viněty, typografické ozdůbky
|
| 500 |
|
|
|a Vnitřní titulní list na s. 25: Wyswětlenj neywýšssjho cýsařsko-králowského Rozkazu Rodičům k Wedenj Djtek swých k liternjmu Vměnj daného předložené podlé obyčegného Ewangelium w Neděli XX. po swaté Trogicy, Léta Páně 1783, rowně na Wsetjně, skrze Jana Hrdlička, Ewangelitského Slowa Božjho Kazatele.
|
| 501 |
|
|
|a Přívazek 17 k Pisnie Obecne
|
| 510 |
4 |
|
|a Knihopis,
|c K03209
|u https://aleph.nkp.cz/F/?func=direct&doc_number=000005567&local_base=KPS
|
| 510 |
4 |
|
|a Dokoupil, V. Soupis brněnských tisků,
|c s. 362 (1783/14)
|
| 655 |
|
7 |
|a staré tisky
|7 fd422076
|2 czenas
|
| 903 |
|
|
|a RP
|
| 910 |
|
|
|a BOA001
|b V1-0001.483,přív.17
|
| 978 |
|
|
|b Svoboda, Emanuel
|a Brno
|c 1783
|
| 978 |
|
|
|b Siedler, Jan Silvestr
|a Brno
|c 1783
|
| 984 |
|
|
|a Brno
|b Česko
|
| 985 |
|
|
|a 1751-1800
|
| 990 |
|
|
|a BK
|
| 993 |
|
|
|a Y
|
| 991 |
|
|
|k mzk
|
| 994 |
|
|
|a UP
|l MZK03
|b 001283879
|m přívazek 17
|n záznam 1. díla (pro objednání pokračujte kliknutím)
|